LEADER 01145nam a2200265 i 4500 001 991003630879707536 005 20020509125417.0 008 990618s1986 it ||| | fre 020 $a272830114X 035 $ab11190322-39ule_inst 035 $aPARLA185480$9ExL 040 $aDip.to Scienze dell'Antichità$bita 100 1 $aReddé, Michel$0173070 245 10$aMare Nostrum :$bles infrastructures, le dispositif et l'histoire de la marine militare sous l'empire romain /$cpar Michel Reddé 260 $aRoma :$bEcole française de Rome,$c1986 300 $a737 p., [8] p. di tav. :$bill. ;$c25 cm. 490 0 $aBibliothèque des Écoles françaises d'Athènes et de Rome ;$v260 650 4$aMare Mediterraneo 907 $a.b11190322$b23-02-17$c28-06-02 912 $a991003630879707536 945 $aLE001 AR XVII 33$g1$i2001000136438$lle001$op$pE0.00$q-$rl$s- $t0$u0$v0$w0$x0$y.i13945348$z22-11-04 945 $aLE015 937 - 310$g1$i2015000041364$lle007$o-$pE0.00$q-$rl$s- $t0$u1$v0$w1$x0$y.i11339147$z28-06-02 996 $aMare nostrum$9486734 997 $aUNISALENTO 998 $ale001$ale007$b01-01-99$cm$da $e-$ffre$git $h0$i2 LEADER 01120nam0 22002651i 450 001 UON00074634 005 20231205102404.918 100 $a20020107d1876 |0itac50 ba 101 $aeng 102 $aGB 105 $a||||e ||||| 200 1 $aDictionary of the Hausa language$e Hausa-English, English-Hausa$fBy James Frederick Schon$gwith appendices of Hausa Literature 210 $aLondon$cChurch Missionary House$d1876 215 $avi,142,xxxiv p.$d22 cm 606 $aLINGUA HAUSA$xDizionari inglesi$3UONC019824$2FI 620 $dFarnborough$3UONL001483 676 $a493.72321$cLINGUA HAUSA - Dizionari inglesi$v21 700 1$aSCHON$bJames Frederick$3UONV049026$0659554 712 $aGregg International Publishers Limited$3UONV257432$4650 801 $aIT$bSOL$c20240220$gRICA 899 $aSIBA - SISTEMA BIBLIOTECARIO DI ATENEO$2UONSI 912 $aUON00074634 950 $aSIBA - SISTEMA BIBLIOTECARIO DI ATENEO$dSI AOC LING AA-H a 010 $eSI AA 5460 7 010 996 $aDictionary of the Hausa language$91164885 997 $aUNIOR